00361nam a2200121Ia 4500003000400000008004100004040001600045082001900061100002900080245009800109300001000207650002200217GCL140319s9999 xx 000 0 eng d aGCL / cGCL04a940.53092bB L1 aBROWNE, ANTHONG MONTAGUE10aLONG SUNSET: MEMOIRS OF WISTON CHURCHILLS LAST PRIVATE SECRETARY / cBROWNE, ANTHONG MONTAGUE a376 P04aWISTON, CHURCHILL